00826cam a2200241 a 4500001000400000003001000004005001700014008004100031020001700072040002500089080002100114100002700135245010200162260003800264300002000302490005500322504002500377650002200402650005100424650002900475700002800504830005200532136BR-CuiBMT20231114001935.0230818s2021 mgb 000 0 por d a976555181494 aBR-CuiBMTcBR-CuiBMT 22007a342:351.741 aDezan, Sandro Lúcio 10aDireito constitucional de polícia judiciária /cSandro Lúcio Dezan, Guilherme Cunha Werner. aBelo Horizonte :bFórum,c2021. a275 p. ;c22 cm1 aCurso de direito de polícia judiciária ;vv. 2 aInclui bibliografia. aDireito público aDireito constitucionalxPolícia judiciária aDireito processual penal1 aWerner, Guilherme Cunha 0aCurso de direito de polícia judiciária ;v2